000 00931nam a22002177a 4500
999 _c9268
_d9268
005 20251125232822.0
008 s2537 th tha d
040 _aNALT
041 _atha
050 _aD16.25 อ176 2537
245 1 0 _aอนาคตของวิเทศคดีศึกษาในประเทศไทย : ศักยภาพและทิศทาง
260 3 _aกรุงเทพฯ :
_bสำนักงานกองทุนสนับสนุนการวิจัย,
_c2537
300 _a1 เล่ม ;
_b 30 ซม.
650 0 4 _aความสัมพันธ์ทางวัฒนธรรม
650 0 4 _aความสัมพันธ์ระหว่างประเทศ
650 0 4 _aวิเทศคดีศึกษา
850 _aNALT
856 4 0 _uhttps://hdl.handle.net/20.500.14156/331181
_71
942 _cGB
_2lcc